Resultados do Flamengo em 2019 - Statistics

Estatísticas Gerais
  • Esse quiz foi jogado 120 vezes
  • A pontuação média é 38 de 76
Estatísticas das Respostas
Jogo Resposta % Correto
Flamengo x River Plate 2x1
83%
Flamengo x Grêmio 5x0
79%
Grêmio x Flamengo 1x1
76%
Flamengo x Ajax 2x2
76%
Flamengo x Internacional 2x0
70%
Internacional x Flamengo 1x1
69%
Emelec x Flamengo 2x0
69%
Flamengo x Emelec 2x0
69%
Flamengo x Cruzeiro 3x1
69%
Santos x Flamengo 4x0
69%
Flamengo x Eintracht Frankfurt 1x0
68%
Flamengo x Athletico-PR 1x1
65%
Bahia x Flamengo 3x0
65%
Flamengo x Goiás 6x1
64%
Flamengo x Vasco 4x4
63%
San José x Flamengo 0x1
62%
Palmeiras x Flamengo 1x3
62%
Athletico-PR x Flamengo 1x1
61%
Flamengo x Palmeiras 3x0
61%
Flamengo x San José 6x1
61%
Flamengo x Santos 1x0
60%
Peñarol x Flamengo 0x0
59%
Flamengo x Corinthians 1x0
59%
Grêmio x Flamengo 0x1
58%
Corinthians x Flamengo 0x1
57%
Flamengo x Peñarol 0x1
57%
São Paulo x Flamengo 1x1
56%
LDU x Flamengo 2x1
56%
Flamengo x Athletico-PR 3x2
56%
Flamengo x Avaí 6x1
56%
Ceará x Flamengo 0x3
55%
Cruzeiro x Flamengo 1x2
55%
Internacional x Flamengo 2x1
55%
Flamengo x Corinthians 4x1
55%
Flamengo x São Paulo 0x0
54%
Corinthians x Flamengo 1x1
54%
Atlético-MG x Flamengo 2x1
53%
Flamengo x LDU 3x1
53%
Flamengo x Botafogo 3x2
53%
Fortaleza x Flamengo 1x2
51%
Flamengo x Ceará 4x1
51%
Liverpool x Flamengo 1x0
49%
Vasco x Flamengo 1x4
49%
Flamengo x Atlético-MG 3x1
49%
Botafogo x Flamengo 0x1
48%
Avaí x Flamengo 0x3
48%
Flamengo x CSA 1x0
48%
Flamengo x Fortaleza 2x0
48%
Chapecoense x Flamengo 0x1
47%
Athletico-PR x Flamengo 0x2
47%
Flamengo x Fluminense 2x0
47%
Goiás x Flamengo 2x2
47%
Flamengo x Grêmio 3x1
47%
CSA x Flamengo 0x2
45%
Flamengo x Chapecoense 2x1
45%
Flamengo x Internacional 3x1
45%
Flamengo x Bahia 3x1
45%
Flamengo x Al Hilal 3x1
45%
Flamengo x Vasco 2x0
44%
Fluminense X Flamengo 0x0
43%
Vasco x Flamengo 0x2
35%
Flamengo x Bangu 2x1
35%
Resende x Flamengo 1x1
29%
Botafogo x Flamengo 1x2
29%
Flamengo x Boavista 3x1
28%
Flamengo x Cabofriense 4x0
28%
Vasco x Flamengo 1x1
27%
Flamengo x Americano 4x1
26%
Vasco x Flamengo 1x1
24%
Flamengo x Fluminense 0x1
23%
Fluminense x Flamengo 1x2
22%
Flamengo x Fluminense 1x1
21%
Portuguesa x Flamengo 1x3
20%
Madureira x Flamengo 0x2
19%
Flamengo x Fluminense 3x2
18%
Flamengo x Volta Redonda 0x0
16%
Nenhum quiz correspondente encontrado
Distribuição das Pontuações
Porcentagem de Pessoas com Cada Pontuação
Percentil de Números Respondidos
Sua Pontuação Histórica
Você não jogou esse quiz